000 00562nam a2200181Ia 4500
005 20250923145325.0
008 008 250917s9999 xx 000 0 eng d
037 _aTextual
040 _aDSWL
_beng
_cDSWL
041 _aeng
_2eng
084 _aYX,A;5-P, N71
_qDSWL
100 _aPohlman, Edward
_9834079
245 0 _aIncentives and compensations in Birth Planning
_c by Edward Pohlman
260 _aChappel
_bHill Carolina Population Center
_c1971
300 _avii,137p.
942 _cTEXL
_hYX,A;5-P, N71
999 _c1449991
_d1449991